Connais-tu les vrais noms de ces Kpop idols? - Statistiques

Statistiques générales
  • Ce quiz a été pris 129 fois
  • Le résultat moyen est 5 sur 15
Statistiques - réponses
Hint Réponse % Correct
RM - BTS Namjoon
89%
V - BTS Taehyung
80%
I.N - Straykids Jeongin
67%
Rose - Blackpink Chaeyoung
59%
The 8 - Seventeen Minghao
59%
Scoups - Seventeen Seungcheol
35%
Kai - EXO Jongin
30%
D.O - EXO Kyungsoo
28%
Jay B - Got7 Jaebeom
18%
IU Jieun
17%
Haechan - NCT Donghyuck
15%
G Dragon - Bigbang Jiyong
15%
Winter - Aespa Minjeong
14%
Joy - Red Velvet Sooyoung
12%
Irene - Red Velvet Joohyun
3%
Aucun quiz correspondant
Distribution des résultats
% des personnes avec chaque résultat
Percentile par nombre de réponses
Votre historique - résultats
Vous n’avez pas pris ce quiz